000 00839nam a2200181Ia 4500
008 151202s9999||||xx |||||||||||||| ||und||
082 _bPNVM-65843
100 _a"आर्वीकर संजय, राजाध्यक्ष आशीष."
245 _aबातचीत महेश एलकुंचवारांशी.
260 _b"राजहंस प्रकाशन, पुणे."
260 _c2008
300 _a183
600 _a"आर्वीकर संजय, राजाध्यक्ष आशीष."
630 _aबातचीत महेश एलकुंचवारांशी.
700 _a"आर्वीकर संजय, राजाध्यक्ष आशीष."
730 _aबातचीत महेश एलकुंचवारांशी.
942 _cBOOK
999 _c1332375
_d1332372